000 00667nam a2200121Ia 4500
008 171212s9999 xx 000 0 und d
100 _aPostero, Nancy
245 _cPostero, Nancy
_aThe Indigenous State
_bRace, Politics, and Performance in Plurinational Bolivia
260 _bUniversity of California Press
_c2017
650 _aAnthropology
650 _aBolivia -- Politics and government -- 21st century; Morales Ayma, Evo, 1959 -- Political activity; Indigenous peoples -- Bolivia -- Government relations -- 21st century; Multiculturalism -- Political aspects -- Bolivia -- 21st century; Neoliberalism -- Bo
856 _uhttp://jstor.org/stable/10.1525/j.ctt1pq34b0
999 _c352985
_d352985